Programació /
Descripción Física:
2 volums : il·lustracions ; 30 cm
Materias:
Centre de Cultura Contemporània de Barcelona
; Centre de Cultura Contemporània de Barcelona -- Activitats culturals
; Centre de Cultura Contemporània de Barcelona -- Exposicions
Idioma:
Catalán
MARC
| LEADER | 00000nam a2200000Ia 4500 | ||
|---|---|---|---|
| 001 | 15095 | ||
| 003 | Arxiu | ||
| 005 | 20260324175944.0 | ||
| 008 | 160829s20032006spc xx s cat c | ||
| 040 | |a AGDB | ||
| 080 | |a FU-34-49 | ||
| 080 | |a B-2-162 | ||
| 110 | 2 | |a Centre de Cultura Contemporània de Barcelona |9 52510 | |
| 245 | 1 | |a Programació / |c Centre de Cultura Contemporània de Barcelona | |
| 260 | |a [Barcelona] : |b Centre de Cultura Contemporània de Barcelona, |c 2003-2006 | ||
| 300 | |a 2 volums : |b il·lustracions ; |c 30 cm | ||
| 310 | |a Anual | ||
| 590 | |a Hi ha un altre exemplar en castellà amb R. 20932 i en anglès amb R. 20933 | ||
| 610 | 2 | 0 | |a Centre de Cultura Contemporània de Barcelona |9 52510 |
| 610 | 1 | 0 | |a Centre de Cultura Contemporània de Barcelona |x Activitats culturals |9 8256 |
| 610 | 2 | 0 | |a Centre de Cultura Contemporània de Barcelona |9 56162 |v Exposicions |
| 866 | |a 2003 | ||
| 866 | |a 2006 | ||
| 901 | |a Arxiu | ||
| 942 | |n 1 |2 udc |c ARXIU | ||
| 952 | |0 0 |1 0 |4 0 |7 1 |9 48722 |a Arxiu |b Arxiu |d 2016-12-01 |h 2003 |o FU-34-49 |p 15095 |r 2016-12-01 00:00:00 |w 2016-12-01 |y ARXIU | ||
| 952 | |0 0 |1 0 |4 0 |7 1 |9 52101 |a Arxiu |b Arxiu |d 2016-12-01 |h 2006 |o B-2-162 |p 20931 |r 2016-12-01 00:00:00 |w 2016-12-01 |y ARXIU | ||
| 999 | |c 52553 |d 52553 | ||